| 000 | 00569nam a2200193Ia 4500 | ||
|---|---|---|---|
| 003 | GCL | ||
| 005 | 20240530105308.0 | ||
| 008 | 140319s9999 xx 000 0 ara d | ||
| 040 |
_aGCL / _cGCL |
||
| 082 | 0 | 4 |
_a810.9 _bم س |
| 100 | 1 | _aمنيف موسى | |
| 245 | 1 | 0 |
_aسليمان البستانى فى حياته وفكره وادبه / _cمنيف موسى |
| 260 |
_a[S.N] : _bدار الفكر اللبنانى ، _c1984 |
||
| 300 | _a127 | ||
| 650 | 0 | 4 | _aالادب |
| 650 | 0 | 4 | _aالتراجم الادبية |
| 650 | 0 | 4 | _aالادباء |
| 942 |
_2ddc _cBK |
||
| 999 |
_c54688 _d54688 |
||